English unlimited: Advanced. Coursebook with e-Portfolio. C1

Gespeichert in:
Bibliographische Detailangaben
Hauptverfasser: Doff, Adrian (VerfasserIn), Goldstein, Ben (VerfasserIn)
Format: Buch
Sprache:Englisch
Veröffentlicht: Cambridge Cambridge University Press 2011
Schlagworte:
Tags: Tag hinzufügen
Keine Tags, Fügen Sie den ersten Tag hinzu!

MARC

LEADER 00000cam a2200000 a 4500
001 UCG8539
003 CL-VaPUC
008 111216e20110000UK |||||||||||||||||eng|d
020 |a 9780521144452 
082 0 4 |a 428  |b DOF  |2 21 
100 0 |a Doff, Adrian  |e author  |9 559605 
700 |a Goldstein, Ben  |e author  |9 616353 
245 1 0 |a English unlimited: Advanced. Coursebook with e-Portfolio. C1 
300 |a 160 p 
942 |c BK 
945 |d 20111216 00:00:00  |a dcastane 
260 |a Cambridge  |b Cambridge University Press  |c 2011 
500 |a Incluye DVD con material complementario 
650 0 |a Educación lingüística  |9 306506 
650 0 |a Enseñanza del inglés  |9 367340 
650 0 |a Inglés  |9 260023 
650 0 |a Métodos de enseñanza  |9 270413 
583 |a last modification  |c 20111216 11:30:00  |k Rodrigo Vera 
999 |c 346146  |d 346144 
952 |0 0  |1 0  |4 0  |6 428_000000000000000_DOF_2011  |7 0  |8 ?  |9 446691  |a FDOILP  |b FDOILP  |d 2019-11-22  |i 4815785  |o 428 DOF 2011  |p 4815785  |r 2019-11-22  |w 2019-11-22  |y BK  |k ILP